Countries with English as an Official Language - Statistics

General Stats
  • This quiz has been taken 990 times
    70 since last reset
  • The average score is 33 of 53
Answer Stats
Answer % Correct
United States
95%
Canada
85%
South Africa
85%
Ireland
83%
India
78%
Saint Kitts and Nevis
73%
Barbados
72%
Saint Lucia
72%
Nigeria
70%
Kenya
68%
Saint Vincent and the Grenadines
68%
Singapore
68%
Zimbabwe
68%
Grenada
67%
Rwanda
67%
Tanzania
67%
Belize
65%
Pakistan
65%
Trinidad and Tobago
65%
Tuvalu
65%
Botswana
63%
Lesotho
63%
Zambia
63%
Fiji
62%
Marshall Islands
62%
Samoa
62%
Uganda
62%
Vanuatu
62%
Bahamas
60%
Ghana
60%
Guyana
60%
Liberia
60%
Namibia
60%
Tonga
60%
Solomon Islands
58%
Eswatini
57%
Micronesia
57%
Jamaica
55%
Malawi
55%
Nauru
53%
Burundi
52%
Malta
52%
Palau
52%
South Sudan
52%
Sudan
52%
Cameroon
50%
Dominica
50%
Kiribati
48%
Sierra Leone
48%
Gambia
45%
Papua New Guinea
45%
Philippines
45%
Seychelles
40%
No matching quizzes found
Score Distribution
Percent of People with Each Score
Percentile by Number Answered
Your Score History
You have not taken this quiz since the last reset